| 000 | 01055nam a22003137a 4500 | ||
|---|---|---|---|
| 003 | PE SENCICO BE | ||
| 005 | 20251020182633.0 | ||
| 008 | 230308b |||||||| |||| 00| 0 eng d | ||
| 040 |
_aPE SENCICO BE _cPE SENCICO BE |
||
| 041 | _aspa | ||
| 082 |
_a711.4 _bT |
||
| 245 | 1 |
_aTradición y modernidad en la arquitectura del Mantaro / _cJorge Burga, Cesar Moncloa, Manuel Perales ...[y otros] |
|
| 250 | _a[1a ed.] | ||
| 260 |
_aLima : _bUniversidad Continental, _c2014 |
||
| 300 |
_a271 p. : _bil. col., diagrs., _c23 cm. |
||
| 504 | _aBibliografía : p. [272-278]. | ||
| 650 | 1 | 4 |
_9762 _aDiseño urbano |
| 650 | 2 | 4 |
_9570 _aArquitectura urbana |
| 650 | 2 | 4 |
_9762 _aDiseño urbano |
| 650 | 2 | 4 |
_9636 _aProyectos urbanos |
| 650 | 2 | 4 |
_9370 _aArquitectura de viviendas |
| 651 | 1 | 0 |
_9787 _aValle del Río Mantaro (Junin) |
| 651 | 1 | 0 |
_9661 _aPerú |
| 700 | 1 |
_9784 _aBurga, Jorge _eautor |
|
| 700 | 1 |
_9785 _aMoncloa, César _eautor |
|
| 700 | 1 |
_9786 _aPerales, Manuel _eautor |
|
| 910 |
_bhfp _chfp |
||
| 942 |
_2ddc _cLIB _h711.4 _iT |
||
| 999 |
_c4053 _d4053 |
||